000 00626nam1a22002051i 4500
001 rc\4281322
005 20240724140647.0
035 _a(NLR Aleph) 008246175
090 _a8307222
_c8307222
100 _a20130416d1964 |||y0rusy50 ca
101 0 _arus
102 _aRU
105 _ay z |||||
200 1 _aБиблиотечка по орошению и осушению земель
_e1-7
_f[Всесоюз. о-во "Знание"]
210 _aМосква
_cЗнание
_d1964
215 _a7 бр. в обертке
_d20
801 0 _aRU
_bNLR
_gpsbo
801 1 _aRU
_bELAR
_2rusmarc
852 _aNLR
_j64-3/4028
942 _cBOOK